|
|
|
|
| LEADER |
00656nam a2200205Ia 4500 |
| 001 |
CTU_97574 |
| 008 |
210402s9999 xx 000 0 und d |
| 082 |
|
|
|a 302.2
|
| 082 |
|
|
|b P821
|
| 100 |
|
|
|a Pool, Ithiel de Sola
|
| 245 |
|
0 |
|a Technologies without boundaries :
|
| 245 |
|
0 |
|b On telecommunications in a global age
|
| 245 |
|
0 |
|c Ithiel de Sola Pool ; edited by Eli M. Noam.
|
| 260 |
|
|
|a Cambridge, Mass
|
| 260 |
|
|
|b Harvard University Press
|
| 260 |
|
|
|c 1990
|
| 650 |
|
|
|a Telecommunication,Telecommunication
|
| 650 |
|
|
|x Social aspects.,Technological innovations.
|
| 904 |
|
|
|i Năm
|
| 980 |
|
|
|a Trung tâm Học liệu Trường Đại học Cần Thơ
|